00350nam a2200133Ia 4500008004100000020001500041041001200056082001600068100001600084245006200100260003100162300000800193650001500201221030s9999 xx 000 0 und d a818811409X aEnglish a105.23bTay aA. K. Tayal 0aEngineering Mechanics Stratics & Dynamicscby A. K. Tayal bUmesh PubaNew Delhic2004 a578 aMechanical